[Event "NVM U16 2015"]
[Site "Kiel"]
[Date "2015.09.12"]
[Round "5.3"]
[White "Wehrhahn, Duncan"]
[Black "Stuppe, Hannes"]
[Result "1-0"]
[WhiteElo "1269"]
[BlackElo "1415"]
[PlyCount "49"]
[EventDate "2015.??.??"]
[WhiteTeam "SV Laatzen"]
[BlackTeam "SF Schwerin"]

1. e4 e6 2. d4 d5 3. exd5 exd5 4. Bd3 Bd6 5. Be3 Nf6 6. Nc3 c6 7. Nf3 Be6 8.
Qd2 Qc7 9. h3 Nbd7 10. Ng5 O-O 11. Nxe6 fxe6 12. O-O-O e5 13. f3 a6 14. g4 c5
15. dxc5 Nxc5 16. g5 d4 17. gxf6 dxc3 18. Bc4+ Kh8 19. Qxd6 cxb2+ 20. Kb1 Qxd6
21. Rxd6 Na4 22. fxg7+ Kxg7 23. Rg1+ Kh8 24. Bh6 Rfd8 25. Bg7# 1-0

[Event "NVM U16 2015"]
[Site "Kiel"]
[Date "2015.09.12"]
[Round "5.4"]
[White "Kummer, Birte"]
[Black "Scholz, Tom"]
[Result "0-1"]
[WhiteElo "1422"]
[BlackElo "1150"]
[PlyCount "140"]
[EventDate "2015.??.??"]
[WhiteTeam "SF Schwerin"]
[BlackTeam "SV Laatzen"]

1. e4 e5 2. Nf3 Nc6 3. d4 Bd6 4. d5 Nce7 5. Nbd2 Ng6 6. Nc4 Qe7 7. Nxd6+ Qxd6
8. c3 Nf6 9. Qc2 c6 10. dxc6 bxc6 11. Bc4 O-O 12. O-O h6 13. Bb3 Qe7 14. Re1
Bb7 15. h3 Rad8 16. Be3 Ra8 17. Rad1 d5 18. exd5 cxd5 19. Bd4 e4 20. Nh2 Rfd8
21. Nf1 Qc7 22. Ne3 Ne5 23. c4 dxc4 24. Nxc4 Nxc4 25. Qxc4 Qxc4 26. Bxc4 Rd6
27. Bc3 Rad8 28. Rxd6 Rxd6 29. Kf1 Ba6 30. Bxa6 Rxa6 31. a3 Re6 32. Bxf6 gxf6
33. g4 Kf8 34. Ke2 Rb6 35. Rb1 Rb3 36. h4 Ke7 37. Kd2 Ke6 38. Kc2 Rf3 39. Rf1
Ke5 40. Kd2 Kf4 41. Ke2 Rb3 42. Rb1 Kxg4 43. Rg1+ Kxh4 44. Rh1+ Kg5 45. Rg1+
Kf5 46. Rb1 Kg6 47. Rg1+ Kh7 48. Rb1 h5 49. Kd2 Kh6 50. Kc2 Rf3 51. Rf1 e3 52.
Kd3 Rxf2 53. Rxf2 exf2 54. Ke2 h4 55. b4 Kg6 56. a4 Kf5 57. a5 Ke5 58. b5 Kd6
59. b6 axb6 60. axb6 Kc6 61. b7 Kxb7 62. Kxf2 Kc6 63. Kg2 Kd5 64. Kh3 Ke4 65.
Kxh4 f5 66. Kg3 Ke3 67. Kg2 f4 68. Kf1 f3 69. Ke1 f6 70. Kf1 f2 0-1

[Event "NVM U16 2015"]
[Site "Kiel"]
[Date "2015.09.12"]
[Round "5.1"]
[White "Reyher, Susan"]
[Black "Andresen, Marc"]
[Result "1-0"]
[WhiteElo "1562"]
[BlackElo "1417"]
[PlyCount "53"]
[EventDate "2015.??.??"]
[WhiteTeam "SV Glück auf Rüdersdorf e.V."]
[BlackTeam "SC Caissa Falkensee e.V."]

1. e4 c5 2. Nf3 Nc6 3. Nc3 d6 4. d4 cxd4 5. Nxd4 Nf6 6. Be3 g6 7. Bc4 Bg7 8.
Bb3 a6 9. f3 Qc7 10. Qd2 Bd7 11. O-O-O O-O 12. h4 h5 13. Rdg1 Rfe8 14. g4 Ne5
15. gxh5 Nxh5 16. f4 Ng4 17. f5 Nxe3 18. Qxe3 Kh7 19. Kb1 Bh6 20. Qf2 e6 21.
fxg6+ fxg6 22. Qf7+ Ng7 23. Qxg6+ Kg8 24. Qxh6 Re7 25. Nf5 Rf7 26. Rxg7+ Kf8
27. Qh8# 1-0

[Event "NVM U16 2015"]
[Site "Kiel"]
[Date "2015.09.12"]
[Round "5.2"]
[White "Böttcher, Tim"]
[Black "Gohlke, Tobias"]
[Result "0-1"]
[WhiteElo "1010"]
[BlackElo "1446"]
[PlyCount "82"]
[EventDate "2015.??.??"]
[WhiteTeam "SC Caissa Falkensee e.V."]
[BlackTeam "SV Glück auf Rüdersdorf e.V."]

1. b3 e5 2. Bb2 Nc6 3. g3 Bc5 4. e3 d6 5. Bg2 Nf6 6. Ne2 Bf5 7. c4 O-O 8. Nbc3
Rb8 9. d3 Nb4 10. Be4 Bh3 11. d4 Bb6 12. Qd2 Qc8 13. Ba3 a5 14. O-O-O Qg4 15.
f4 Rfe8 16. Bb1 Bg2 17. Rhg1 Bf3 18. Rde1 exd4 19. exd4 Re6 20. f5 Re7 21. Nf4
Rbe8 22. Rxe7 Rxe7 23. Re1 Rxe1+ 24. Qxe1 Bxd4 25. Bxb4 axb4 26. Ncd5 c5 27.
Nxf6+ gxf6 28. Qe8+ Kg7 29. Ne6+ fxe6 30. Qe7+ Kh6 31. Qf8+ Qg7 32. Qxg7+ Kxg7
33. fxe6 Be3+ 34. Kb2 h5 35. Bd3 Bg4 36. Be4 b6 37. Bd5 Kf8 38. Kc2 Ke7 39. Kd3
Bg1 40. h4 Bf2 41. Ke4 Bxg3 0-1

[Event "NVM U16 2015"]
[Site "Kiel"]
[Date "2015.09.12"]
[Round "5.3"]
[White "Giese, Patrick"]
[Black "Lubanski, Jacob"]
[Result "1-0"]
[WhiteElo "1569"]
[BlackElo "1199"]
[PlyCount "59"]
[EventDate "2015.??.??"]
[WhiteTeam "SV Glück auf Rüdersdorf e.V."]
[BlackTeam "SC Caissa Falkensee e.V."]

1. e4 g6 2. Bc4 d6 3. f4 Bg7 4. Nf3 Bg4 5. O-O Bd4+ 6. Kh1 Nd7 7. Bxf7+ Kxf7 8.
Ng5+ Ke8 9. Qxg4 Ngf6 10. Qe2 Nf8 11. Nf3 Bb6 12. d4 c6 13. Nc3 Bc7 14. Be3 b6
15. Rad1 a6 16. d5 c5 17. e5 N6d7 18. Ng5 Qc8 19. e6 Nf6 20. f5 Rb8 21. Nce4
Ra8 22. Nxf6+ exf6 23. Ne4 Ke7 24. fxg6 Nxg6 25. Rxf6 Rf8 26. Qh5 Rxf6 27.
Qxh7+ Kd8 28. Bg5 Qb7 29. Bxf6+ Kc8 30. Qg8+ 1-0

[Event "NVM U16 2015"]
[Site "Kiel"]
[Date "2015.09.12"]
[Round "5.4"]
[White "Seitz, Manuel"]
[Black "Richter, Robert"]
[Result "1/2-1/2"]
[WhiteElo "1085"]
[BlackElo "1396"]
[PlyCount "54"]
[EventDate "2015.??.??"]
[WhiteTeam "SC Caissa Falkensee e.V."]
[BlackTeam "SV Glück auf Rüdersdorf e.V."]

1. b3 d5 2. Bb2 Nc6 3. g3 e5 4. Bg2 Nf6 5. e3 Bc5 6. Ne2 O-O 7. O-O Bb6 8. c4
a6 9. d3 Be6 10. Nbc3 Qd7 11. d4 exd4 12. exd4 Rad8 13. c5 Ba7 14. Re1 Ne7 15.
Nf4 Bg4 16. Qd2 b6 17. b4 Rfe8 18. Re5 bxc5 19. bxc5 c6 20. Rae1 Bb8 21. R5e3
Bxf4 22. gxf4 Ng6 23. Rxe8+ Rxe8 24. Rxe8+ Qxe8 25. Qe3 Qb8 26. Bc1 Nh5 27. f3
Be6 1/2-1/2

[Event "NVM U16 2015"]
[Site "Kiel"]
[Date "2015.09.12"]
[Round "5.1"]
[White "Stockmann, Till"]
[Black "Stelmaszyk, Nico"]
[Result "0-1"]
[WhiteElo "1508"]
[BlackElo "1611"]
[PlyCount "92"]
[EventDate "2015.??.??"]
[WhiteTeam "VfL Gräfenhainichen"]
[BlackTeam "SK Lehrte von 1919 e. V."]

1. e4 e5 2. Nf3 Nc6 3. Bc4 Bc5 4. O-O Nf6 5. d4 Bxd4 6. Nxd4 Nxd4 7. f4 d6 8.
fxe5 dxe5 9. Bg5 Be6 10. Na3 h6 11. Bxf6 gxf6 12. c3 Bxc4 13. Nxc4 Nc6 14.
Qxd8+ Rxd8 15. Rxf6 Rd7 16. Rf5 Re7 17. Ne3 Kf8 18. Rd1 Kg7 19. Rf3 Ree8 20.
Rdf1 Nd8 21. Rg3+ Kf8 22. Nf5 Ne6 23. Rd1 Rh7 24. Rd7 Rc8 25. Rd5 Nf4 26. Rd2
f6 27. Rf3 h5 28. g3 Nh3+ 29. Kf1 Ng5 30. Re3 Ne6 31. Kf2 Rd8 32. Rd5 Rhd7 33.
Red3 Rxd5 34. Rxd5 Rxd5 35. exd5 Nc5 36. c4 Nd3+ 37. Ke3 Nxb2 38. c5 Na4 39. d6
cxd6 40. cxd6 Nc5 41. a3 Kf7 42. h3 b5 43. Kd2 a5 44. Kc3 Ke6 45. g4 hxg4 46.
hxg4 Ne4+ 0-1

[Event "NVM U16 2015"]
[Site "Kiel"]
[Date "2015.09.12"]
[Round "5.2"]
[White "Brockmeyer, Tobias"]
[Black "Richter, Philipp"]
[Result "1/2-1/2"]
[WhiteElo "1524"]
[BlackElo "1496"]
[PlyCount "24"]
[EventDate "2015.??.??"]
[WhiteTeam "SK Lehrte von 1919 e. V."]
[BlackTeam "VfL Gräfenhainichen"]

1. d4 c5 2. d5 e5 3. c4 d6 4. Nc3 f5 5. e4 Nf6 6. Bg5 Be7 7. Qc2 f4 8. Bxf6
Bxf6 9. g3 Nd7 10. O-O-O a6 11. f3 O-O 12. g4 Bh4 1/2-1/2

[Event "NVM U16 2015"]
[Site "Kiel"]
[Date "2015.09.12"]
[Round "5.3"]
[White "Koppe, Carl"]
[Black "Thormann, Georg"]
[Result "1-0"]
[WhiteElo "1479"]
[BlackElo "1162"]
[PlyCount "55"]
[EventDate "2015.??.??"]
[WhiteTeam "VfL Gräfenhainichen"]
[BlackTeam "SK Lehrte von 1919 e. V."]

1. e4 e6 2. d4 d5 3. Nc3 Nf6 4. e5 Nfd7 5. Be3 c5 6. f4 Nc6 7. Nf3 Be7 8. Qd2
O-O 9. g4 Bh4+ 10. Kd1 Be7 11. g5 g6 12. h4 a6 13. h5 b5 14. hxg6 fxg6 15. Qh2
Rf7 16. Bd3 Nf8 17. Nh4 c4 18. Bxg6 Nxg6 19. Nxg6 Qe8 20. Nh4 Rg7 21. Kd2 Bb4
22. g6 Bxc3+ 23. bxc3 hxg6 24. Nxg6 Qxg6 25. Rag1 Qf5 26. Qh8+ Kf7 27. Qxg7+
Ke8 28. Rh8+ 1-0

[Event "NVM U16 2015"]
[Site "Kiel"]
[Date "2015.09.12"]
[Round "5.4"]
[White "Meiwes, Thore"]
[Black "Wilhelm, Dominik"]
[Result "0-1"]
[WhiteElo "1217"]
[BlackElo "1193"]
[PlyCount "40"]
[EventDate "2015.??.??"]
[WhiteTeam "SK Lehrte von 1919 e. V."]
[BlackTeam "VfL Gräfenhainichen"]

1. e4 c6 2. Nc3 d5 3. Nf3 dxe4 4. Nxe4 Bf5 5. Ng3 Qa5 6. Nxf5 Qxf5 7. Bd3 Qd5
8. b3 e6 9. Bb2 Nd7 10. Qe2 Ngf6 11. O-O-O b5 12. h4 Nc5 13. g3 a5 14. Ne5
Nxd3+ 15. Nxd3 a4 16. Nb4 Bxb4 17. a3 Be7 18. bxa4 Rxa4 19. Kb1 Bxa3 20. Bxa3
Rxa3 0-1